| 000 | 00564nam a2200181 a 4500 | ||
|---|---|---|---|
| 001 | 1736 | ||
| 003 | CDMR | ||
| 005 | 20131203140839.0 | ||
| 008 | 130130s1986||||||||||||||||||||||||||||d | ||
| 020 | _a8431705884 | ||
| 040 |
_aCDMR _bcat _cCPC GIRONA |
||
| 100 | 1 |
_aGarcía Novell, Francisco _91296 |
|
| 245 | 1 | 0 |
_aInventar el periódico _b: la prensa en la escuela _cFrancisco Garcia Novell |
| 260 |
_c1986 _bGrupo Cultural Zero _aMadrid |
||
| 490 | 0 |
_aProyecto didáctico Quirón. _aLenguaje y Comunicación _v1 |
|
| 650 | 0 | 4 |
_94387 _aPremsa i educació |
| 942 |
_cMON _2udc |
||
| 999 |
_c1736 _d1736 |
||